LEADER 01123nam a2200265 i 4500 001 000000037971 003 CaOOAMICUS 005 20121002000000.0 008 121002s1991 it u000 u ita u 013 $a8367 020 $a88-250-0055-3 040 $aSeMil$bita 100 1 $aDal Lago, Luigi.$0(OLS)http://semarc/name/6204 245 12$aL'inamovibilità dei parroci :$bdal Concilio Vaticano 1. al Codice di Diritto Canonico del 1983 /$cLuigi Dal Lago. 260 $aPadova :$bMessaggero,$c1991. 300 $a182 p. ;$c24 cm. 500 $aContiene : Bibliografia. 650 4$aParroco.$0(OLS)http://semarc/subject/4452 650 4$aDiritto canonico.$0(OLS)http://semarc/subject/207 850 $aSeMil 852 $aSeMil$W1$xVenegono$y1$m2J II 209$j4126$B4126$CSeMilBibl$Z2$F4126 $81 961 $aOmaggio: Scuola Cattolica 996 $6020$a88-250-0055-3$9(OLS)http://semarc/number/7110 996 $6245$aL'inamovibilità dei parroci :$bdal Concilio Vaticano 1. al Codice di Diritto Canonico del 1983$9(OLS)http://semarc/title/53404 996 $6260$aPadova :$bMessaggero$9(OLS)http://semarc/publisher/29786 LEADER 01021nam a2200253 i 4500 001 000000113347 003 CaOOAMICUS 005 20030321000000.0 008 030321s1982 it u000 u ita u 013 $a86033 040 $aSeMil$bita 100 1 $aMalanima, Paolo.$0(OLS)http://semarc/name/47445 245 12$aL'economia italiana nell'età moderna /$cPaolo Malanima. 260 $aRoma :$bEditori Riuniti,$ccopyr. 1982. 300 $a156 p. ;$c20 cm. 490 0 $aLibri di base ;$v35 500 $aContiene : Indice delle opere citate nel testo. 650 4$aItalia - Economia - Storia.$0(OLS)http://semarc/subject/1009 830 0$aLibri di base ;$v35.$0(OLS)http://semarc/title/6441 850 $aSeMil 852 $aSeMil$W1$xVenegono$y1$m46 8 35 *$j69046$B69046$CSeMilBibl$Z2$F74646 $81 961 $aRecupero: Biblioteca Seminario Liceale 996 $6245$aL'economia italiana nell'età moderna$9(OLS)http://semarc/title/165467 996 $6260$aRoma :$bEditori Riuniti$9(OLS)http://semarc/publisher/30240